Teoría y problemas de computación aplicada a los negocios / Lawrence S. Orilla (Registro nro. 11785)
[ vista simple ]
| 000 -LÍDER | |
|---|---|
| fixed length control field | 00589nam a2200169 4500 |
| 008 - ELEMENTOS DE LONGITUD FIJA -- INFORMACIÓN GENERAL | |
| fixed length control field | 0 1985 0a 000 0MEX |
| 020 ## - NÚMERO INTERNACIONAL NORMALIZADO PARA LIBROS | |
| ISBN | 968-451-733-5 |
| 050 ## - SIGNATURA TOPOGRAFICA DE LA BIBLIOTECA DEL CONGRESO (LC) | |
| Número de Clasificación | HF5548.2 O68918 |
| 082 ## - NUMERO DE CLASIFICACION DECIMAL DEWEY | |
| Número de Clasificación | 001.6 O769t |
| 100 ## - ASIENTO PRINCIPAL--NOMBRE PERSONAL | |
| Nombre personal | Orilla, Lawrence S. |
| 245 ## - TÍTULO | |
| Título | Teoría y problemas de computación aplicada a los negocios / Lawrence S. Orilla |
| 260 ## - PUBLICACIÓN, DISTRIBUCIÓN, ETC. (PIE DE IMPRENTA) | |
| Lugar de publicación, distribución, etc. | México : McGraw-Hill |
| 300 ## - DESCRIPCIÓN FÍSICA | |
| Extensión | 316 p. / 27 cm. |
| 500 ## - NOTA GENERAL | |
| Nota general | Incluye índice |
| 650 ## - ASIENTO SECUNDARIO DE MATERIA - TERMINO TEMÁTICO | |
| Término temático o nombre geográfico como elemento de entrada | 1.NEGOCIOS-PROCESAMIENTO DE DATOS-SINOPSIS \ 2.NEGOCIOS-PROCESAMIENTO DE DATOS-PROBLEMAS |
| 700 ## - ASIENTO SECUNDARIO - NOMBRE PERSONAL | |
| Nombre personal | Torfer Martell, Alberto, Tr. |
| No. biblioteca | No. biblioteca | Número de clasificación | Código de barras/Número de adquisición | Número de copia | Tipo de material |
|---|---|---|---|---|---|
| LUIS G. INCLAN | LUIS G. INCLAN | 001.6 O769t | 16208 | 2 | Libros |
| LUIS G. INCLAN | LUIS G. INCLAN | 001.6 O769t | 16209 | 3 | Libros |
| LUIS G. INCLAN | LUIS G. INCLAN | 001.6 O769t | 16210 | 4 | Libros |
| LUIS G. INCLAN | LUIS G. INCLAN | 001.6 O769t | 16211 | 5 | Libros |
